[Event "Ciudad Guayana Cabrera Memorial Up1900"]
[Site "Ciudad Guayana"]
[Date "2016.04.18"]
[Round "5"]
[White "Didenot Chirinos, Carlos"]
[Black "Chacin Garcia, German Atilano"]
[Result "1-0"]
[WhiteElo "2106"]
[BlackElo "2122"]
[PlyCount "85"]
[EventDate "2016.04.15"]
[EventType "swiss"]
[EventRounds "7"]
[EventCountry "VEN"]
[SourceTitle "EXT 2022"]
[Source "ChessBase"]
[SourceDate "2021.10.06"]
[SourceVersion "1"]
[SourceVersionDate "2021.10.06"]
[SourceQuality "1"]

1. e4 e6 2. d4 d5 3. Nc3 Nf6 4. e5 Nfd7 5. f4 c5 6. Nf3 Nc6 7. Be3 a6 8. Qd2 b5 9. dxc5 Bxc5 10. Bxc5 Nxc5 11. Qf2 Qe7 12. Bd3 Bb7 13. 0-0 h6 14. Ne2 Rc8 15. Ned4 Nb4 16. Rfd1 Na4 17. a3 Nc6 18. c3 g6 19. Re1 Nc5 20. Bc2 Nxd4 21. Nxd4 Rc7 22. Rad1 Bc8 23. Re3 Bd7 24. g4 Nb7 25. Kh1 Na5 26. Bb1 Nc6 27. f5 gxf5 28. gxf5 Kd8 29. f6 Qc5 30. Qg3 Qf8 31. Qg2 h5 32. h4 Rc8 33. Qg7 Qe8 34. Rg1 Kc7 35. Qg2 Qf8 36. Qe2 Qc5 37. Qd2 Rcg8 38. Rg7 Rf8 39. Re1 Kb6 40. b4 Nxb4 41. cxb4 Qc7 42. Qc2 Qb7 43. Qc5# 1-0

[Event "Cumana Vergara Sequera Memorial"]
[Site "Cumana"]
[Date "2014.09.28"]
[Round "8.1"]
[White "Didenot Chirinos, Carlos"]
[Black "Rodriguez Galanton, Yul Johnattan"]
[Result "0-1"]
[WhiteElo "2069"]
[BlackElo "2103"]
[PlyCount "78"]
[EventDate "2014.09.24"]
[EventType "tourn"]
[EventRounds "9"]
[EventCountry "VEN"]
[SourceTitle "EXT 2018"]
[Source "ChessBase"]
[SourceDate "2017.10.13"]
[SourceVersion "1"]
[SourceVersionDate "2017.10.13"]
[SourceQuality "1"]

1. e4 e6 2. d4 d5 3. Nc3 Nf6 4. e5 Nfd7 5. f4 c5 6. Nf3 Nc6 7. Be3 Qb6 8. Na4 Qa5+ 9. c3 c4 10. b4 cxb3 11. axb3 b5 12. Nc5 Qb6 13. b4 a5 14. Qd3 Rb8 15. Bd2 g6 16. Be2 Be7 17. 0-0 h5 18. g3 Nf8 19. h3 a4 20. Kg2 Nd8 21. g4 Nc6 22. Bd1 Qc7 23. Be2 Nd7 24. Rae1 Nxc5 25. dxc5 Kd8 26. Nd4 Nxd4 27. cxd4 Qc6 28. Qf3 Kc7 29. f5 hxg4 30. hxg4 gxf5 31. Rh1 Rg8 32. Rh7 Rxg4+ 33. Kf1 Qe8 34. Rh2 Qg8 35. Rg2 Bd7 36. Be3 Bg5 37. Kf2 Qg6 38. Bd1 Rg8 39. Be2 Bxe3+ 0-1